000
00279nam a2200121 a 4500
008
101026s1979|||| d
100
1
_a
Mason, Richard
245
1
0
_a
Vietor nevie čítať
260
_b
Smena
_a
Bratislava
_c
1979
020
_c
28
041
_a
slo
044
_a
xo
_c
SK
999
_c
12285
_d
12285